000 00572nam a2200157 a 4500
001 000048289
005 20240229180118.0
008 181212s1999 dr r 000 0 spa d
040 _aDO-SdBNP
_bspa
_cBNPHU
082 _axxx
_bN576m
100 1 _aNg Cortiñas, Haivanjoe
_921599
245 1 0 _aLa modernización de la contraloria y su impacto en el control fiscal. /
_cHaivanjoe NG Cortiñas.
260 _aBávaro, Higüey, República Dominicana :
_bContraloría General de la República Dominicana,
_c1999.
300 _a29 p. ;
_c21 cm.
590 _aInventariado, 2019 / DG
999 _c47777
_d47777